Holocaust
| Titel: | Holocaust : Die Tragödie der Nachbarn / Magdalena Marszałek |
|---|---|
| Verfasser: | |
| In: |
Deutsch-polnische Erinnerungsorte ; 2. Geteilt, gemeinsam, (2014), Seite 641-660 alle Artikel anzeigen |
| Veröffentlicht: | 2014 |
| Umfang: | 2 Illustrationen |
| Format: | Aufsatz |
| Sprache: | Deutsch |
X
alg: 41768906
001A $03025:11-10-17
001B $01999:11-10-17 $t22:45:18.000
001C $03025:11-10-17 $t10:39:12.000
001D $03025:11-10-17
001U $0utf8
001X $00
002@ $0Aou
002C $aText $btxt $2rdacontent
002D $aohne Hilfsmittel zu benutzen $bn $2rdamedia
002E $aBand $bnc $2rdacarrier
003@ $0417689063
007A $0417689063 $aHEB
010@ $ager
010E $erda
011@ $a2014
021A $aHolocaust $dDie Tragödie der Nachbarn $hMagdalena Marszałek
028A $BVerfasser $#Marszalek, Magdalena $4aut $71013547837 $8Marszałek, Magdalena [Tp3] $9268480109
031A $h641-660 $j2014
034M $a2 Illustrationen
039B $aEnthalten in $8--Afu--. Deutsch-polnische Erinnerungsorte ; 2. Geteilt, gemeinsam. - Paderborn {[u.a.] : Schöningh, 2014. - 732 S.. - Ill.. - ISBN 978-3-506-77339-5 $x201400000000000359 $9299792242
044K $RJudenverfolgung $RNationalsozialistisches Verbrechen $RVernichtungslager $#Holocaust, Jewish (1939-1945) $#Shoah $#Holocausto judío (1939-1945) $#Endlösung $#Holocaust $#Holokaust $#Judenfrage Endlösung $#Schoah $#Shoah $#Shoʾah $#Shoa $#Drittes Reich Judenvernichtung $#Šô'ā $#Juden Vernichtung $74073091-8 $8Judenvernichtung [Ts1] $9085205818
044K $RPolitische Identität $RGeschichtsbild $RGeschichtsdenken $#Conscience historique $#Geschichtsbewusstsein $#Historisches Bewusstsein $#Geschichtsverständnis Geschichtsbewusstsein $#Geschichtskultur $74020526-5 $8Geschichtsbewusstsein [Ts1] $9085049387
045R $aGeschichte 1940-2009
lok: 41768906 78
exp: 41768906 78 1 #EPN
201B/01 $011-10-17 $t10:34:53.000
201C/01 $011-10-17
201U/01 $0utf8
203@/01 $01008342394
208@/01 $a11-10-17 $be
209A/01 $a/ $f000 $x00
209A/01 $ab*p $x01
220C/01 $apgar
244Z/01 $#Generalgouvernement Polen $#Polska $#Rzeczpospolita Polska $#Polska Rzeczpospolita Ludowa $#Poland $#Pologne $#République Polonaise $#Generalne Gubernatorstwo w Polsce $#Polish People's Republic $#Polska Rzeczpospolita Polen $#PRL $#RP $#Polen Generalgouvernement $#Polska Generalgouvernement $#Besetzte Polnische Gebiete $#Besetztes Gebiet in Polen $#Okupowane Polskie Obszary $#Obszary Okupowane w Polsce $#Volksrepublik Polen $#Polska Rosyjska $#Republic Polen $#Respublika Pol'ša $#Pol'skaja Narodnaja Respublika $#République de Pologne $#Polen Links der Weichsel $#Polska po Lewej Stronie Wisły $#Lenkija $#Polija $#Gubernija Carstva Pol'skago $#Republik Polen $74046496-9 $8--Tg1--Polen $x01 $9085129801
244Z/01 $#Ostmitteleuropa $#Ostmitteleuropa $#Mitteleuropa, Ost $#Central Europe Ostmitteleuropa $#Mittelosteuropa $74075753-5 $8--Tg1--Ostmitteleuropa $x02 $9085214485
247C/01 $82080>Marburg/Lahn, Herder-Institut, Forschungsbibliothek, Bibliographieportal $9336309341
| LEADER | 00000caa a2200000 c 4500 | ||
|---|---|---|---|
| 001 | 417689063 | ||
| 003 | DE-603 | ||
| 005 | 20171011224518.0 | ||
| 007 | tu | ||
| 008 | 171011s2014 xx |||| | u00||u|ger c | ||
| 035 | |a (DE-599)HEB417689063 | ||
| 040 | |a DE-603 |b ger |c DE-603 |d DE-603 |e rda | ||
| 041 | |a ger | ||
| 100 | 1 | |a Marszałek, Magdalena |e Verfasser |4 aut |0 (DE-603)268480109 |0 (DE-588)1013547837 |2 gnd | |
| 245 | 0 | 0 | |a Holocaust |b Die Tragödie der Nachbarn |c Magdalena Marszałek |
| 264 | 0 | |c 2014 | |
| 300 | |b 2 Illustrationen | ||
| 336 | |a Text |b txt |2 rdacontent | ||
| 337 | |a ohne Hilfsmittel zu benutzen |b n |2 rdamedia | ||
| 338 | |a Band |b nc |2 rdacarrier | ||
| 648 | 7 | |a Geschichte 1940-2009 |2 gnd | |
| 650 | 7 | |a Judenvernichtung |0 (DE-588)4073091-8 |0 (DE-603)085205818 |2 gnd | |
| 650 | 7 | |a Geschichtsbewusstsein |0 (DE-588)4020526-5 |0 (DE-603)085049387 |2 gnd | |
| 773 | 0 | 8 | |i Enthalten in |t Deutsch-polnische Erinnerungsorte ; 2. Geteilt, gemeinsam |d Paderborn [u.a.] : Schöningh, 2014 |h 732 S., Ill. |z 9783506773395 |g (2014), Seite 641-660 |w (DE-603)299792242 |
| 924 | 0 | |9 2080 |a (DE-603)1008342394 |b DE-2080 |c HES |d d |g / | |


